30 Countries With Lots of Old People Quiz Stats

 Plays Quiz Updated Jul 13, 2016

Score 0/30 Timer 05:00
1 Play Today
Rank Country % Correct
22United Kingdom
92.9%
2Japan
92.1%
3Germany
91.4%
15France
90.6%
5Sweden
89.9%
4Italy
89.3%
18Spain
89.2%
27Norway
87.8%
28Canada
87.5%
7Finland
85.5%
14Denmark
81.7%
12Portugal
81.1%
21Switzerland
79.1%
6Greece
78.2%
8Austria
77.2%
Rank Country % Correct
25Netherlands
76.9%
10Belgium
75.2%
16Czechia
65.4%
1Monaco
63.5%
19Hungary
63.3%
24Latvia
60.4%
29Lithuania
59.1%
13Estonia
59%
17Slovenia
58.3%
20Croatia
55.6%
11San Marino
53.8%
26Serbia
52.5%
9Bulgaria
51.3%
23Malta
47.1%
30Georgia
21.7%

You're not logged in!

Compare scores with friends on all Sporcle quizzes.
OR
Log In

Sporcle TV

Today on Sporcle TV


Watch our educational content, quiz creation guides, and fun videos on Sporcle TV.

Show Comments

Extras

Top Quizzes Today


Score Distribution

Your Account Isn't Verified!

In order to create a playlist on Sporcle, you need to verify the email address you used during registration. Go to your Sporcle Settings to finish the process.

Report this User

Report this user for behavior that violates our Community Guidelines.

Details: